00358nam a2200145Ia 4500008004100000082001700041100001400058245003300072250000800105260003300113300001200146500002400158650001500182700001500197230524s9999 xx 000 0 und d a621.382bMEH aY.P.Mehta 0aBasic Electrical Engineering a2ND aNEW DELHIbDhanpat Raic2005 aVII;645 aQuantity Number: 2 aElectrical a A.K.Gupta